[Event "Titled Tuesday intern op 13th Jun Early"]
[Site "Chess.com INT"]
[Date "2023.06.13"]
[Round "6"]
[White "Lymar, Vladislav"]
[Black "Topalov, Aleksandar"]
[Result "1-0"]
[WhiteElo "2132"]
[BlackElo "2233"]
[PlyCount "93"]
[EventDate "2023.06.13"]
[EventType "swiss (blitz)"]
[EventRounds "11"]
[EventCountry "USA"]
[SourceTitle "EXT 2024"]
[Source "ChessBase"]
[SourceDate "2023.10.10"]
[SourceVersion "1"]
[SourceVersionDate "2023.10.10"]
[SourceQuality "1"]

1. d4 Nf6 2. c4 c5 3. e3 g6 4. Nc3 Bg7 5. Nf3 0-0 6. b3 d6 7. Bb2 Nc6 8. Bd3 Bg4 9. Ne2 Nd7 10. Be4 Nf6 11. Bxc6 bxc6 12. dxc5 Qa5+ 13. Bc3 Qxc5 14. Nd2 Qh5 15. f3 Bd7 16. 0-0 c5 17. Nf4 Qh6 18. Rc1 Bc6 19. Qe2 a5 20. g3 a4 21. e4 axb3 22. Nxb3 Nd7 23. Nd5 Bxd5 24. exd5 Bxc3 25. Rxc3 Rfe8 26. Re3 Nb6 27. Ra1 Qg7 28. a3 Qf6 29. Ra2 Ra4 30. Nd2 h5 31. Rb3 Nd7 32. Kg2 Ne5 33. Ne4 Qf5 34. Rc2 h4 35. f4 Ng4 36. Nxd6 exd6 37. Qxe8+ Kg7 38. Qe2 hxg3 39. hxg3 Qh5 40. Kg1 Qf5 41. Rf3 Nf6 42. Ra2 Qg4 43. Kg2 Nh5 44. Qd3 Qd7 45. Qb3 Ra8 46. a4 Re8 47. a5 1-0

[Event "Titled Tuesday intern op 13th Jun Early"]
[Site "Chess.com INT"]
[Date "2023.06.13"]
[Round "4"]
[White "Lymar, Vladislav"]
[Black "Vakhlamov, Igor L"]
[Result "0-1"]
[WhiteElo "2132"]
[BlackElo "2413"]
[PlyCount "134"]
[EventDate "2023.06.13"]
[EventType "swiss (blitz)"]
[EventRounds "11"]
[EventCountry "USA"]
[SourceTitle "EXT 2024"]
[Source "ChessBase"]
[SourceDate "2023.10.10"]
[SourceVersion "1"]
[SourceVersionDate "2023.10.10"]
[SourceQuality "1"]

1. d4 d5 2. c4 e6 3. cxd5 exd5 4. Nc3 c6 5. Bf4 Nf6 6. e3 Bf5 7. Bd3 Bg6 8. Nge2 Bd6 9. f3 0-0 10. Bxd6 Qxd6 11. e4 dxe4 12. fxe4 Ng4 13. Qd2 Nd7 14. h3 Nh6 15. 0-0-0 b5 16. e5 Qe7 17. g4 c5 18. Bxb5 cxd4 19. Bxd7 dxc3 20. Nxc3 Rfd8 21. Rhe1 Rab8 22. e6 fxe6 23. Bxe6+ Kh8 24. Qf4 Rxd1+ 25. Rxd1 Rf8 26. Qd6 Qg5+ 27. Qd2 Qe5 28. Bc4 Ng8 29. b3 Nf6 30. Qd4 Qh2 31. Rd2 Qxh3 32. g5 Nh5 33. Kb2 Qf5 34. Qxa7 Qxg5 35. Qd4 Nf6 36. a4 h5 37. Rh2 Ng4 38. Rg2 Rd8 39. Qb6 Rd2+ 40. Rxd2 Qxd2+ 41. Ka3 Kh7 42. Nd5 Ne5 43. Qe3 Qd1 44. a5 Qa1+ 45. Kb4 Nc6+ 46. Kc5 Nxa5 47. Nf4 Qf6 48. Nxg6 Kxg6 49. Bd3+ Kf7 50. b4 Nb7+ 51. Kb5 Nd6+ 52. Ka4 g5 53. b5 Qf4+ 54. Qxf4+ gxf4 55. b6 h4 56. Bf1 Kf6 57. Kb4 Ke5 58. Kc5 f3 59. Kc6 f2 60. Bh3 Nc4 61. b7 Na5+ 62. Kb6 Nxb7 63. Kxb7 Kf4 64. Kc6 Kg3 65. Bf1 h3 66. Kd5 h2 67. Bg2 Kxg2 0-1

[Event "Titled Tuesday intern op 06th Jun Early"]
[Site "Chess.com INT"]
[Date "2023.06.06"]
[Round "2"]
[White "Lymar, Vladislav"]
[Black "Aravindh, Chithambaram VR"]
[Result "0-1"]
[WhiteElo "2132"]
[BlackElo "2627"]
[PlyCount "54"]
[EventDate "2023.06.06"]
[EventType "swiss (blitz)"]
[EventRounds "11"]
[EventCountry "USA"]
[SourceTitle "EXT 2024"]
[Source "ChessBase"]
[SourceDate "2023.10.10"]
[SourceVersion "1"]
[SourceVersionDate "2023.10.10"]
[SourceQuality "1"]

1. d4 g6 2. c4 Bg7 3. Nc3 d6 4. e4 e5 5. d5 Ne7 6. Bd3 0-0 7. Nge2 Nd7 8. Be3 f5 9. exf5 Nxf5 10. Bxf5 gxf5 11. f4 Nf6 12. 0-0 e4 13. h3 a6 14. Nd4 Qe8 15. Kh2 Bd7 16. Rg1 c5 17. dxc6 bxc6 18. Qe2 Qg6 19. Rad1 Rab8 20. Na4 c5 21. Nxc5 dxc5 22. Nb3 Ba4 23. Bxc5 Rfe8 24. Bd6 Bxb3 25. axb3 Rxb3 26. c5 Qg3+ 27. Kh1 Ng4 0-1

[Event "Titled Tuesday intern op 30th May Early"]
[Site "Chess.com INT"]
[Date "2023.05.30"]
[Round "7"]
[White "Lymar, Vladislav"]
[Black "Karthik, Rajaa"]
[Result "0-1"]
[WhiteElo "2109"]
[BlackElo "2276"]
[PlyCount "42"]
[EventDate "2023.05.30"]
[EventType "swiss (blitz)"]
[EventRounds "11"]
[EventCountry "USA"]
[SourceTitle "CBM 214 Extra"]
[Source "ChessBase"]
[SourceDate "2023.07.31"]
[SourceVersion "1"]
[SourceVersionDate "2023.07.31"]
[SourceQuality "1"]

1. b3 Nf6 2. Bb2 g6 3. g3 Bg7 4. Bg2 0-0 5. e3 d6 6. Ne2 a5 7. 0-0 a4 8. bxa4 Rxa4 9. Nbc3 Ra8 10. Nd5 Nxd5 11. Bxg7 Nxe3 12. Bd5 Nxd1 13. Bxf8 Qxf8 14. Raxd1 c6 15. Bg2 Rxa2 16. Nd4 e5 17. Nf3 Rxc2 18. d4 e4 19. Ne1 Re2 20. d5 cxd5 21. Rxd5 Be6 0-1

[Event "Titled Tuesday intern op 04th Apr Early"]
[Site "Chess.com INT"]
[Date "2023.04.04"]
[Round "1"]
[White "Dahlgren, James Allen"]
[Black "Lymar, Vladislav"]
[Result "0-1"]
[WhiteElo "1824"]
[BlackElo "2119"]
[PlyCount "52"]
[EventDate "2023.04.04"]
[EventType "swiss (blitz)"]
[EventRounds "11"]
[EventCountry "USA"]
[SourceTitle "EXT 2024"]
[Source "ChessBase"]
[SourceDate "2023.10.10"]
[SourceVersion "1"]
[SourceVersionDate "2023.10.10"]
[SourceQuality "1"]

1. e4 c5 2. c4 g6 3. Nc3 Nc6 4. g3 Bg7 5. Bg2 d6 6. Nge2 e5 7. 0-0 Nge7 8. f4 0-0 9. d3 Nd4 10. Nxd4 cxd4 11. Nd5 Nxd5 12. cxd5 f5 13. b4 Bd7 14. a4 Rc8 15. Bd2 Qb6 16. Qb3 fxe4 17. Bxe4 Bh3 18. Rfc1 Bh6 19. b5 Rxc1+ 20. Rxc1 exf4 21. a5 Qd8 22. b6 a6 23. Qc2 Qf6 24. Qc7 fxg3 25. Bxh6 Qf1+ 26. Rxf1 Rxf1# 0-1